Normal view
MARC view
- الاعلام-الاتصالات الرقمية
Entry Topical Term
001 - CONTROL NUMBER
- control field: 63417
003 - CONTROL NUMBER IDENTIFIER
- control field: JO-AjAnu
005 - DATE AND TIME OF LATEST TRANSACTION
- control field: 20230606084342.0
008 - FIXED-LENGTH DATA ELEMENTS
- fixed length control field: 230606|| aca||aabn | a|a d
040 ## - CATALOGING SOURCE
- Original cataloging agency: JO-AjAnu
- Transcribing agency: JO-AjAnu
150 ## - HEADING--TOPICAL TERM
- Topical term or geographic name entry element: الاعلام-الاتصالات الرقمية
670 ## - SOURCE DATA FOUND
- Source citation: Work cat.: (JO-AjAnu)32333: الدليمي، عبد الرزاق, author 63416, الاعلام الرقمي والسحابي في عالم متغير